000 01039cpcaa2200217 4500
001 mm 83062257
003 DLC
005 20260227111720.0
008 830304|||||||||||| ger
010 _amm 83062257
040 _aDLC
_cDLC
_edacs
_dDLC
072 7 _aC
_2lcmd
245 0 0 _aTrost-reiches Bett-Büchlein worinnen Ein[e] Gott dienende... :
_kprayerbook,
_f1732.
300 _a1
_fvolume.
506 0 _aOpen to research.
520 8 _aManuscript prayerbook by an unknown person in Vienna. Full title: "Trost-reiches Bett Büchlein worinnen Ein Gott dienende seele die auserlesenste schönste so wohl Morgen-Abendt-Mess-Beicht und Communion- Gebette/alle auch noch viele andere, der Seelen herzambste Andachts-Übungen zufinden nat zusanimen getragen und geschriben, Wienn, 1732."
546 _aCollection material in German.
610 2 0 _aCatholic Church
_zAustria.
999 _c43990
_d43990